El Derecho internacional contemporáneo
Gespeichert in:
| 1. Verfasser: | |
|---|---|
| Format: | Text |
| Veröffentlicht: |
Madrid:
Tecnos
|
| Tags: |
Tag hinzufügen
Keine Tags, Fügen Sie den ersten Tag hinzu!
|
MARC
| LEADER | 00000 a a2200000 04500 | ||
|---|---|---|---|
| 001 | 24096 | ||
| 003 | |||
| 040 | |||
| 020 | |a 84-309-0837-4 | ||
| 090 | |a 167900 | ||
| 100 | |a Jiménez de Aréchaga, Eduardo | ||
| 245 | |a El Derecho internacional contemporáneo | ||
| 260 | |a Madrid: |b Tecnos | ||
| 300 | |a 379 p. | ||
| 999 | |c 16922 |d 16922 | ||



